| 000 | 01566nam a2200337 a 4500 | ||
|---|---|---|---|
| 001 | BRCA_8694 | ||
| 005 | 20190320210353.0 | ||
| 008 | 161216s1669----it-#######---#000-0#lat-# | ||
| 041 | _alat | ||
| 044 | _ait | ||
| 050 | 4 |
_aKBU2194.5 _b.C67 _c1669 |
|
| 100 | 1 |
_aCorrado a Terrano, Pyrrho _921664 |
|
| 245 | 1 | 0 |
_aPraxis dispensationvm apostolicarvm ex solidissimo romanae curiae stylo, inconcusseseruato, excerpta praxim quo que officij sacrae poenitentiariae vrbis, illus ordinationem noui status complectens _cPyrrho Corrado a Terrano. |
| 250 | _a3a ed. | ||
| 260 |
_aVenetiis _bApud milochum _c1669 |
||
| 300 |
_a1 vol. (con varias paginaciones) _c33 cm |
||
| 500 | _aFondo antiguo | ||
| 500 | _aSe encuentra en Caja Fuerte | ||
| 500 | _aCO-13-58 | ||
| 500 | _aHoja rota de la portada impresa en dos tintas negro y rojo con grabado | ||
| 500 | _aUso de letras capitulares | ||
| 500 | _aIncluye índices | ||
| 500 | _aTexto en dos columnas | ||
| 500 | _aCon dedicatoria: Illustrissimo, ac reverendissimo Domino D. Felici Tambvrello Episcopo Sorano | ||
| 500 | _aEstado físico: daño por polilla en las hojas del documento, hoja de la portada rota y encuadernación deteriorada del lomo | ||
| 500 | _aNota de encuadernación: piel pergamino, deteriorada de lomo y esquinas de las tapas | ||
| 505 | 0 | _aContiene: Additiones aliqvot svis locis adiiciendae praeter eas qvae in corpore a cap. 4 libri septimi ad inem vsque operis, sunt adiectae | |
| 650 | 1 | 4 |
_aDerecho canónico _eTrabajos anteriores a 1800 _921260 |
| 902 | _aLAR | ||
| 942 |
_2lcc _cB |
||
| 999 |
_c8347 _d8347 |
||